All the 'Buffy the Vampire Slayer' episodes - Statistics

General Stats
  • This quiz has been taken 18 times
  • The average score is 44 of 142
Answer Stats
Hint Answer % Correct
Angel
100%
Season 1 Welcome to the Hellmouth
86%
Season 2 When she was bad
79%
Witch
79%
I, robot, you, Jane
71%
Prophecy girl
71%
The body
71%
The harvest
71%
Season 3 Anne
64%
Becoming part 1
64%
Becoming part 2
64%
Halloween
64%
Never kill a boy on the first date
64%
The pack
64%
Bad girls
57%
Graduation day, part 1
57%
Graduation day, part 2
57%
Nightmares
57%
Once more, with feeling
57%
Out of mind, out of sight
57%
Teacher's pet
57%
What's my line? Part 1
57%
What's my line? Part 2
57%
Amends
50%
Season 5 Buffy vs Dracula
50%
Faith, hope and trick
50%
Homecoming
50%
Hush
50%
Inca mummy girl
50%
The gift
50%
The puppet show
50%
Band candy
43%
Bewitched, bothered and bewildered
43%
Choices
43%
Chosen
43%
Dead man's party
43%
Enemies
43%
Gone
43%
Lovers walk
43%
Passion
43%
Seeing red
43%
Some assembly required
43%
The prom
43%
Bad eggs
36%
Beer bad
36%
Fool for love
36%
Forever
36%
Living conditions
36%
Pangs
36%
Revelations
36%
School hard
36%
Surprise
36%
Ted
36%
Season 4 The freshman
36%
The wish
36%
Consequences
29%
Conversations with dead people
29%
Doppelgangland
29%
Fear, itself
29%
Gingerbread
29%
Go fish
29%
Grave
29%
Intervention
29%
New moon rising
29%
Primeval
29%
Reptile boy
29%
Smashed
29%
Something blue
29%
The dark age
29%
Wrecked
29%
Season 6 Bargaining part 1
21%
Bargaining part 2
21%
Beauty and the beasts
21%
Beneath you
21%
Checkpoint
21%
Crush
21%
Dirty girls
21%
Doomed
21%
Empty places
21%
Family
21%
Help
21%
Helpless
21%
Him
21%
I was made to love you
21%
Killed by death
21%
Season 7 Lessons
21%
Phases
21%
Potential
21%
Restless
21%
Showtime
21%
Tabula rasa
21%
The I in team
21%
The initiative
21%
The yoko factor
21%
The zeppo
21%
Where the wild things are
21%
After life
14%
A new man
14%
Dead things
14%
Earshot
14%
First date
14%
Flooded
14%
Hell's bells
14%
Lies my parents told me
14%
Lie to me
14%
Out of my mind
14%
Real me
14%
Same time, same place
14%
Selfless
14%
Spiral
14%
Superstar
14%
The harsh light of day
14%
The replacement
14%
The weight of the world
14%
This year's girl
14%
Touched
14%
Tough love
14%
Triangle
14%
Two to go
14%
Villains
14%
Who are you?
14%
Wild at heart
14%
All the way
7%
As you were
7%
Blood ties
7%
Bring on the night
7%
End of days
7%
Entropy
7%
Get it done
7%
Goodbye, iowa
7%
Into the woods
7%
Listening to fear
7%
Never leave me
7%
Normal again
7%
Older and far away
7%
Shadow
7%
Storyteller
7%
The killer in me
7%
Doublemeat place
0%
No place like home
0%
Sleeper
0%
No matching quizzes found
Score Distribution
Percent of People with Each Score
Percentile by Number Answered
Your Score History
You have not taken this quiz